SOIL MECHANICS AND FOUNDATION (Record no. 5260)

MARC details
000 -LEADER
fixed length control field 00371nam a22001577a 4500
005 - DATE AND TIME OF LATEST TRANSACTION
control field 20160916114716.0
008 - FIXED-LENGTH DATA ELEMENTS--GENERAL INFORMATION
fixed length control field 160916b xxu||||| |||| 00| 0 eng d
020 ## - INTERNATIONAL STANDARD BOOK NUMBER
ISBN 81-7008-791-0
041 ## - LANGUAGE CODE
Language code of text/sound track or separate title eng
100 ## - MAIN ENTRY--AUTHOR NAME
Personal name PUNMIA,DR. B. C
245 ## - TITLE STATEMENT
Title SOIL MECHANICS AND FOUNDATION
260 ## - PUBLICATION, DISTRIBUTION, ETC. (IMPRINT)
Name of publisher LAXHMI
Year of publication 2015
300 ## - PHYSICAL DESCRIPTION
Number of Pages 910
650 ## - SUBJECT ADDED ENTRY--TOPICAL TERM
Topical Term ENGINEERING
942 ## - ADDED ENTRY ELEMENTS (KOHA)
Koha item type Books
Holdings
Lost status Damaged status Home library Current library Shelving location Date acquired Source of acquisition Cost, normal purchase price Accession Number Koha item type Collection code
    JRU Library   SHELF-72-A 16/09/2016 PURCHASE 695.00 21289 Books  
    JRU Library JRU Library SHELF-45-D 16/09/2016 PURCHASE 695.00 21290 Books  
    JRU Library   SHELF -72- H 28/03/2017 PURCHASE 695.00 21484 Books Reference
    JRU Library   SHELF-72-A 28/03/2017 PURCHASE 695.00 21485 Books